000 00390nam a2200145Ia 4500
008 100204s9999 xx 000 0 und d
082 _b4637
100 _aराजे शैलजा
245 _aसावर
260 _b"दिलिप प्रकाशन , मुंबई"
_c1978
300 _a168
630 _aसावर
730 _aसावर
942 _cBOOK
999 _c449347
_d449344